Oeuvres complètes de Lord Byron / (Record no. 152908)
[ view plain ]
| 000 -LEADER | |
|---|---|
| campo de control de longitud fija | 00907nam a22002175i 4500 |
| 001 - NÚMERO DE CONTROL | |
| campo de control | 152908 |
| 003 - IDENTIFICADOR DE NÚMERO DE CONTROL | |
| campo de control | ES-MaACL |
| 005 - FECHA Y HORA DE LA ÚLTIMA TRANSACCIÓN | |
| campo de control | 20250726051759.0 |
| 008 - DATOS DE LONGITUD FIJA--INFORMACIÓN GENERAL | |
| campo de control de longitud fija | 051019s1838 fr acf | |||||||| ||fre d |
| 040 ## - FUENTE DE CATALOGACIÓN | |
| Centro catalogador/agencia de origen | CAM |
| Lengua de catalogación | spa |
| Centro/agencia transcriptor | CAM |
| 100 1# - ENTRADA PRINCIPAL--NOMBRE DE PERSONA | |
| Nombre de persona | Byron, George Gordon Byron, |
| Títulos y otros términos asociados al nombre | Baron, |
| Fechas asociadas al nombre | 1788-1824 |
| Término indicativo de función/relación | Autor |
| 9 (RLIN) | 33026 |
| 245 10 - MENCIÓN DEL TÍTULO | |
| Título | Oeuvres complètes de Lord Byron / |
| Mención de responsabilidad, etc. | traduction de Amédée Pichot. |
| 250 ## - MENCION DE EDICION | |
| Mención de edición | 10e éd., |
| Resto de la mención de edición | accompagnée de notes historiques et littéraires |
| 260 ## - PUBLICACIÓN, DISTRIBUCIÓN, ETC. | |
| Lugar de publicación, distribución, etc. | Paris : |
| Nombre del editor, distribuidor, etc. | Furne et C., |
| Fecha de publicación, distribución, etc. | 1838 |
| Fabricante | (Imp. de H. Fournier et C.) |
| 300 ## - DESCRIPCIÓN FÍSICA | |
| Extensión | XVI, 856 páginas, [14] hojas de láminas ; |
| Dimensiones | 25 cm. |
| 599 ## - NOTA A LAS ILUSTRACIONES | |
| NOTA A LAS ILUSTRACIONES | Láminas lit., la primera retrato del autor, el resto alegóricas |
| 700 1# - ENTRADA AGREGADA--NOMBRE PERSONAL | |
| Nombre de persona | Pichot, Amédée, |
| Fechas asociadas al nombre | 1795-1877 |
| Término indicativo de función/relación | Traductor |
| 9 (RLIN) | 91840 |
| 852 ## - LOCALIZACIÓN | |
| Ubicación | ES-MaACL |
| Ubicación en estantería | Sala Palomar |
| Marcas de propiedad | Ex-libris de Modesto Lafuente |
| Donativo/Legado | Legado Modesto Lafuente |
| Número de control de estantería | C-2254 |
| Encuadernación | Holandesa |
| 942 ## - ELEMENTOS DE ENTRADA SECUNDARIOS (KOHA) | |
| Fuente del sistema de clasificación o colocación | Clasificación decimal universal |
| Tipo de ítem Koha | Libro impreso antiguo |
| Suprimir en OPAC | No |
| Estatus retirado | Estado de pérdida | Fuente del sistema de clasificación o colocación | Estado de daño | No para préstamo | Colección | Biblioteca de origen | Biblioteca actual | Ubicación en estantería | Fecha de adquisición | Fuente de adquisición | Total de préstamos | Signatura topográfica completa | Código de barras | Visto por última vez | Tipo de ítem Koha |
|---|---|---|---|---|---|---|---|---|---|---|---|---|---|---|---|
| Clasificación decimal universal | Libros del s. XIX | Biblioteca del Ateneo de Madrid | Biblioteca del Ateneo de Madrid | Sala Palomar | 17/01/2008 | Legado | C-2254 | 1159710 | 23/02/2023 | Libro impreso antiguo |
